| 000 -LEADER |
| fixed length control field |
00696nam a22002537a 4500 |
| 003 - CONTROL NUMBER IDENTIFIER |
| control field |
OSt |
| 005 - DATE AND TIME OF LATEST TRANSACTION |
| control field |
20210419072113.0 |
| 008 - FIXED-LENGTH DATA ELEMENTS--GENERAL INFORMATION |
| fixed length control field |
201120s2016 ||||| |||| 00| 0 eng d |
| 020 ## - INTERNATIONAL STANDARD BOOK NUMBER |
| International Standard Book Number |
9781625239068 |
| 040 ## - CATALOGING SOURCE |
| Original cataloging agency |
eng |
| Transcribing agency |
DLC |
| 041 ## - LANGUAGE CODE |
| Language code of text/sound track or separate title |
eng |
| 080 ## - UNIVERSAL DECIMAL CLASSIFICATION NUMBER |
| Universal Decimal Classification number |
61 |
| Item number |
K-20 |
| 100 ## - MAIN ENTRY--PERSONAL NAME |
| 9 (RLIN) |
174 |
| Personal name |
Cuceu, Mariana |
| Relator term |
Editor |
| 245 ## - TITLE STATEMENT |
| Title |
USMLE Step 2 CS |
| Remainder of title |
: Strategies, Practice and Review |
| Statement of responsibility, etc. |
/ by: Kaplan Meical |
| 260 ## - PUBLICATION, DISTRIBUTION, ETC. |
| Place of publication, distribution, etc. |
New York |
| Name of publisher, distributor, etc. |
Kaplan Medical |
| Date of publication, distribution, etc. |
2016 |
| 300 ## - PHYSICAL DESCRIPTION |
| Extent |
315 p. |
| 365 ## - TRADE PRICE |
| Price amount |
49.99 usd |
| 650 #0 - SUBJECT ADDED ENTRY--TOPICAL TERM |
| 9 (RLIN) |
69 |
| Topical term or geographic name entry element |
Medicine |
| 650 #0 - SUBJECT ADDED ENTRY--TOPICAL TERM |
| 9 (RLIN) |
87 |
| Topical term or geographic name entry element |
USMLE Step 2 CS |
| 653 ## - INDEX TERM--UNCONTROLLED |
| Uncontrolled term |
მედიცინა |
| 700 ## - ADDED ENTRY--PERSONAL NAME |
| 9 (RLIN) |
175 |
| Personal name |
Kalpas, Edward |
| Relator term |
Editor |
| 700 ## - ADDED ENTRY--PERSONAL NAME |
| 9 (RLIN) |
176 |
| Personal name |
Levine, Phyllis |
| Relator term |
Editor |
| 942 ## - ADDED ENTRY ELEMENTS (KOHA) |
| Source of classification or shelving scheme |
|
| Koha item type |
Books |